000 00536nam a2200193 i 4500
001 17237
003 ES-MaACL
005 20230906151530.0
007 t|
008 010123s2000 sp ||||0| spa j
020 _a84-95303-09-4
040 _aM-BN
_bspa
_cM-BN
080 _a821.134.2(82)-31"19"
100 1 _aRotenberg, Abrasha.
_999939
245 1 3 _aLa opinion amordazada /
_cAbrasha Rotenberg.
260 _aMadrid :
_bTaller de Mario Muchnik,
_c[2000]
300 _a379 p. ;
_c24 cm.
852 _aES-MaACL
_jL-24226
_bR.129459
999 _c17237
_d17237